000 00717nam a2200193Ia 4500
999 _c3718
_d3718
003 OSt
005 20200622195238.0
008 191128s1986 ck a gr 000 j spa d
040 _aCO-JMCR
_cCO-JMCR
041 _aspa
082 0 4 _aH /
_bUNHu
245 1 3 _aUn hombre con una misión :
_bla historia de pablo /
260 _bSociedades Bíblicas Unidas :
_aBogotá,
_c1986
300 _a32 páginas :
_bilustraciones a color ;
_c 25 cm.
490 0 _aHéroes de la fe
520 _aNose sabe más sobre al vida de Pablo después de esto. Algunos creen que el emperador romano lo condenó y fue ejecutado. Otros creen que salió libre y se fue a españa
650 1 4 _aHistorias bíblicas
_95622
942 _2ddc
_cBK